[Event "XXIX Torneo San Viator - Memorial Pepe "]
[Site "Colegio San Viator. Plaza Fer"]
[Date "2017.11.01"]
[Round "7.27"]
[White "Medina Lucena, Emilio"]
[Black "Torrecillas Adan, Luis"]
[Result "0-1"]
[WhiteElo "1321"]
[BlackElo "1466"]
[PlyCount "87"]
[EventDate "2017.09.17"]
[EventRounds "9"]
[EventCountry "ESP"]

1. d4 d5 2. g3 Nc6 3. Nf3 Bg4 4. Bg2 Nf6 5. Nbd2 e6 6. a3 Be7 7. O-O O-O 8. h3
Bxf3 9. Bxf3 Nxd4 10. Bg2 Bc5 11. e3 Nc6 12. b4 Bb6 13. c3 a5 14. Bb2 axb4 15.
cxb4 Re8 16. Nb3 e5 17. Rc1 e4 18. Kh1 Ne5 19. Bxe5 Rxe5 20. Ra1 c6 21. Qd2 Nd7
22. Rfd1 Qf6 23. a4 Rf5 24. Rf1 Rd8 25. a5 Ba7 26. g4 Re5 27. f4 exf3 28. Rxf3
Qe7 29. Nd4 Bxd4 30. exd4 Re2 31. Qf4 Re8 32. Raf1 f6 33. g5 Qxb4 34. Qc7 R8e7
35. a6 bxa6 36. Qxc6 Qxd4 37. Qxa6 fxg5 38. Rd3 Nc5 39. Rxd4 Nxa6 40. Rxd5 h6
41. Rdf5 Re1 42. Ra5 Rxf1+ 43. Bxf1 Nc7 44. Ra7 0-1

[Event "XXIX Torneo San Viator - Memorial Pepe "]
[Site "Colegio San Viator. Plaza Fer"]
[Date "2017.11.01"]
[Round "7.28"]
[White "Ramirez Nebot, Eneas"]
[Black "Del Alamo Fajardo, Fernando"]
[Result "0-1"]
[WhiteElo "1097"]
[BlackElo "1383"]
[PlyCount "132"]
[EventDate "2017.09.17"]
[EventRounds "9"]
[EventCountry "ESP"]

1. e4 e5 2. Nf3 Nc6 3. Bb5 a6 4. Ba4 b5 5. Bb3 h6 6. c3 Nf6 7. d3 Bc5 8. O-O
O-O 9. Re1 d6 10. Nbd2 Bg4 11. h3 Bh5 12. Nf1 Re8 13. Be3 Bxe3 14. Nxe3 Ne7 15.
g4 Bg6 16. Nh4 Bh7 17. Nef5 Bxf5 18. exf5 c5 19. Rc1 Nc6 20. a3 d5 21. Qf3 e4
22. dxe4 dxe4 23. Qf4 Ne5 24. Bc2 Nd3 25. Bxd3 Qxd3 26. Kh2 Nd5 27. Qg3 Qxg3+
28. Kxg3 Rad8 29. Ng2 Re7 30. Ne3 Nxe3 31. Rxe3 Rd3 32. Rce1 Kf8 33. Kf4 Rd2
34. R1e2 Rd3 35. Rxe4 Rxe4+ 36. Rxe4 Rd2 37. b4 cxb4 38. axb4 Rxf2+ 39. Kg3 Rc2
40. Re3 Rd2 41. Kf4 Rf2+ 42. Kg3 Rf1 43. Kg2 Rf4 44. Kg3 Rc4 45. Kf3 g6 46.
fxg6 fxg6 47. Re4 Rxc3+ 48. Kf4 Rxh3 49. Re6 g5+ 50. Kf5 Rf3+ 51. Kg6 Rf4 52.
Rxa6 Rxb4 53. Kf6 Rf4+ 54. Kg6 Rxg4 55. Kxh6 b4 56. Rb6 Ke7 57. Kh5 Rd4 58.
Kxg5 Rd5+ 59. Kf4 Rd4+ 60. Ke3 Rh4 61. Kd3 Kd7 62. Kc2 Kc7 63. Rb5 Kc6 64. Rb8
Kc5 65. Kb3 Rh3+ 66. Ka4 Ra3# 0-1

[Event "XXIX Torneo San Viator - Memorial Pepe "]
[Site "Colegio San Viator. Plaza Fer"]
[Date "2017.11.01"]
[Round "7.30"]
[White "Baranco Gonzalez, Nicolas"]
[Black "Soria Martinez, Daniel"]
[Result "1-0"]
[WhiteElo "1455"]
[BlackElo "1283"]
[PlyCount "153"]
[EventDate "2017.09.17"]
[EventRounds "9"]
[EventCountry "ESP"]

1. e4 e6 2. Nf3 d5 3. exd5 exd5 4. d4 Nf6 5. Bg5 Be7 6. Be2 Bf5 7. O-O Nbd7 8.
Nc3 c6 9. Re1 O-O 10. a3 Re8 11. Nh4 Be6 12. Bd3 Ne4 13. Bxe7 Qxe7 14. Nxe4
Qxh4 15. g3 Qe7 16. Nc3 Nf6 17. b4 b5 18. Ne2 Qd7 19. Nf4 Bg4 20. Rxe8+ Rxe8
21. f3 Bf5 22. c3 Re3 23. Kf2 Re7 24. Ra2 Ne8 25. g4 Bxd3 26. Nxd3 Qd6 27. Kg2
Re6 28. Re2 Qe7 29. Rxe6 Qxe6 30. Qd2 g6 31. Nc5 Qe7 32. a4 Nd6 33. axb5 cxb5
34. Kf1 Nc4 35. Qe2 Qg5 36. Nd3 Nd2+ 37. Kg2 Nc4 38. Kg3 Qd2 39. Qxd2 Nxd2 40.
Nf4 Nf1+ 41. Kf2 Nd2 42. Nxd5 Nb1 43. Ke3 Kf8 44. Kd3 Ke8 45. Nc7+ Kd7 46. Nxb5
a6 47. Na7 Na3 48. d5 Kc7 49. Nc6 f6 50. Nd4 Kd6 51. c4 h6 52. Nc6 Nxc4 53.
Kxc4 Kc7 54. Kc5 Kc8 55. Ne7+ Kd7 56. Nxg6 Kc7 57. d6+ Kd7 58. Nf8+ Ke8 59. Kb6
Kxf8 60. Kxa6 Ke8 61. Ka7 Kd7 62. b5 Kxd6 63. b6 Ke6 64. b7 f5 65. b8=Q fxg4
66. fxg4 Kf6 67. Qf4+ Kg6 68. Qf5+ Kg7 69. Qe6 h5 70. Kb7 hxg4 71. Kc7 g3 72.
hxg3 Kh7 73. Qg4 Kh8 74. Kd7 Kh7 75. Ke7 Kh8 76. Kf7 Kh7 77. Qh5# 1-0

[Event "XXIX Torneo San Viator - Memorial Pepe "]
[Site "Colegio San Viator. Plaza Fer"]
[Date "2017.11.01"]
[Round "7.31"]
[White "Crespo Gomez, Ruben"]
[Black "Lopez Martin, Israel"]
[Result "0-1"]
[WhiteElo "1204"]
[BlackElo "1444"]
[PlyCount "70"]
[EventDate "2017.09.17"]
[EventRounds "9"]
[EventCountry "ESP"]

1. d4 d5 2. e3 Nf6 3. Bd3 Nc6 4. f4 e6 5. c3 Ne4 6. Nf3 Bd7 7. Nbd2 f5 8. O-O
h6 9. Ne5 Nxe5 10. dxe5 Qh4 11. Qf3 O-O-O 12. Be2 Bc5 13. Nxe4 fxe4 14. Qf2 Qe7
15. b4 Bb6 16. a4 a6 17. Bd2 g5 18. c4 dxc4 19. Bxc4 gxf4 20. Qxf4 Bc6 21. Qf7
Qxf7 22. Rxf7 Rxd2 23. Bxe6+ Bd7 24. Rxd7 Bxe3+ 25. Kh1 Rxd7 26. Rd1 Rhd8 27.
Bxd7+ Rxd7 28. Rxd7 Kxd7 29. g3 Ke6 30. Kg2 Kxe5 31. Kf1 Kd4 32. h4 Kc4 33. Ke2
Bd4 34. g4 Kxb4 35. Kd2 Kxa4 0-1

[Event "XXIX Torneo San Viator - Memorial Pepe "]
[Site "Colegio San Viator. Plaza Fer"]
[Date "2017.11.01"]
[Round "7.32"]
[White "Calvo Gonzalez, Jose Felix"]
[Black "Cuadrado Carmona, Javier"]
[Result "1-0"]
[WhiteElo "1385"]
[BlackElo "1195"]
[PlyCount "99"]
[EventDate "2017.09.17"]
[EventRounds "9"]
[EventCountry "ESP"]

1. e4 e5 2. Nf3 Nc6 3. Bc4 Bc5 4. c3 Nf6 5. d3 O-O 6. b4 Bb6 7. a4 a6 8. Nbd2
d5 9. exd5 Nxd5 10. Ne4 Bf5 11. Bxd5 Qxd5 12. c4 Qd7 13. Ba3 Bxe4 14. dxe4 Qg4
15. O-O Qxe4 16. b5 Rfd8 17. Nd2 Rxd2 18. Qxd2 Nd4 19. c5 Nb3 20. Qc3 Nd4 21.
Qe3 Ne2+ 22. Kh1 Qxe3 23. fxe3 Ba5 24. Bb2 Nc3 25. Bxc3 Bxc3 26. Rab1 g6 27.
Rfd1 axb5 28. Rxb5 Rxa4 29. Rxb7 Bd2 30. Rxc7 Bxe3 31. c6 Rc4 32. g3 Bd4 33.
Rf1 e4 34. Re7 e3 35. c7 e2 36. Re1 Kf8 37. R1xe2 Rc1+ 38. Re1 Rxe1+ 39. Rxe1
Kg7 40. c8=Q h5 41. Qd7 Bf6 42. Rf1 h4 43. Qd6 Bg5 44. gxh4 Bxh4 45. Kg2 f5 46.
Kh3 g5 47. Qe7+ Kh6 48. Rxf5 Kg6 49. Qf7+ Kh6 50. Rf6# 1-0

[Event "XXIX Torneo San Viator - Memorial Pepe "]
[Site "Colegio San Viator. Plaza Fer"]
[Date "2017.11.01"]
[Round "7.33"]
[White "Ramirez Ocana, Eneas"]
[Black "Lavado Pena, David"]
[Result "1-0"]
[WhiteElo "1385"]
[BlackElo "1153"]
[PlyCount "67"]
[EventDate "2017.09.17"]
[EventRounds "9"]
[EventCountry "ESP"]

1. e4 c5 2. Nf3 Nc6 3. d4 cxd4 4. Nxd4 e6 5. Nc3 Bb4 6. f3 Qa5 7. Ndb5 a6 8.
Nd6+ Ke7 9. Nxc8+ Rxc8 10. Bd2 Nd4 11. Bd3 Nf6 12. O-O d5 13. a3 Bxc3 14. Bxc3
Qb6 15. Kh1 dxe4 16. fxe4 h5 17. Qd2 h4 18. h3 Nh5 19. Rf2 Ng3+ 20. Kg1 Nde2+
21. Bxe2 Nxe4 22. Qf4 f5 23. Bd3 Qxf2+ 24. Qxf2 Nxf2 25. Kxf2 Rhg8 26. Re1 Kf7
27. Be5 Rc5 28. b3 g5 29. Bc4 b5 30. Bd6 bxc4 31. Bxc5 Rc8 32. b4 a5 33. Ke2 c3
34. Kd3 1-0

[Event "XXIX Torneo San Viator - Memorial Pepe "]
[Site "Colegio San Viator. Plaza Fer"]
[Date "2017.11.01"]
[Round "7.34"]
[White "Moreno Gallardo, Sergio"]
[Black "Jimenez Perez, Federico"]
[Result "0-1"]
[WhiteElo "1106"]
[BlackElo "1381"]
[PlyCount "106"]
[EventDate "2017.09.17"]
[EventRounds "9"]
[EventCountry "ESP"]

1. e4 c5 2. Nf3 g6 3. c3 Bg7 4. d4 cxd4 5. cxd4 Nc6 6. Be3 Nf6 7. Nc3 O-O 8.
Qd2 Ng4 9. Bf4 d6 10. h3 Nf6 11. Bh6 e5 12. Bxg7 Kxg7 13. Be2 a6 14. d5 Ne7 15.
Qc2 Nh5 16. Rc1 Nf4 17. Bf1 f5 18. g3 Nh5 19. exf5 Bxf5 20. Qe2 Bd7 21. Ng5 Rf6
22. Nge4 Rf8 23. Nxd6 Qb6 24. Nc4 Qf6 25. Bg2 Rae8 26. O-O Nf5 27. Ne4 Qd8 28.
Nc5 Nd4 29. Qe3 Bb5 30. Nxb7 Qf6 31. Nbd6 Nf5 32. Nxf5+ gxf5 33. b3 Bxc4 34.
bxc4 f4 35. Qe2 f3 36. Qd1 fxg2 37. Kxg2 Qg6 38. d6 Nf4+ 39. Kh2 Nd3 40. Rc3 e4
41. c5 Nxf2 42. Qd4+ Qf6 43. Qxf6+ Rxf6 44. d7 Rd8 45. c6 Rdf8 46. Kg2 e3 47.
c7 e2 48. Re1 Ne4 49. Rc2 Rf2+ 50. Kg1 Rf1+ 51. Rxf1 exf1=Q+ 52. Kh2 Rf2+ 53.
Rxf2 Qxf2+ 0-1

[Event "XXIX Torneo San Viator - Memorial Pepe "]
[Site "Colegio San Viator. Plaza Fer"]
[Date "2017.11.01"]
[Round "7.37"]
[White "Climent Castillo, Daniel"]
[Black "Perales Hernandez, Manuel"]
[Result "1/2-1/2"]
[WhiteElo "1237"]
[BlackElo "1367"]
[PlyCount "92"]
[EventDate "2017.09.17"]
[EventRounds "9"]
[EventCountry "ESP"]

1. d4 d5 2. Nf3 Nc6 3. c3 h6 4. g3 Nf6 5. Bg2 e6 6. O-O Bd7 7. Re1 Bd6 8. Nbd2
Qe7 9. e4 O-O-O 10. e5 Ne8 11. exd6 Nxd6 12. Ne5 Nxe5 13. dxe5 Ne8 14. Nf3 g5
15. Qd4 b6 16. Qb4 c5 17. Qa3 Bc6 18. Nd4 Ba8 19. Nb5 Kb8 20. b4 Bc6 21. Bf1
Qd7 22. Nd6 Nxd6 23. exd6 Qxd6 24. bxc5 bxc5 25. Be3 d4 26. cxd4 Qd5 27. Qb3+
Qxb3 28. axb3 cxd4 29. Bd2 Rhg8 30. f4 Bd5 31. fxg5 hxg5 32. Ra4 Bc6 33. Rb4+
Kc7 34. Re5 Rd5 35. Rxd5 Bxd5 36. Rxd4 Bxb3 37. Bg2 f6 38. Ba5+ Kc8 39. Bf1 Bd5
40. Bh3 f5 41. Bxf5 exf5 42. Rxd5 Rf8 43. Bd2 g4 44. Ra5 Kb7 45. Be3 a6 46. Re5
Rf7 1/2-1/2

[Event "XXIX Torneo San Viator - Memorial Pepe "]
[Site "Colegio San Viator. Plaza Fer"]
[Date "2017.11.01"]
[Round "7.38"]
[White "Cuerda Montagud, Tomas"]
[Black "Jubin Diez, Damien"]
[Result "1/2-1/2"]
[WhiteElo "1444"]
[BlackElo "1138"]
[PlyCount "141"]
[EventDate "2017.09.17"]
[EventRounds "9"]
[EventCountry "ESP"]

1. e4 e6 2. d4 d5 3. e5 c5 4. c3 Nc6 5. Nf3 Qb6 6. a3 a5 7. Bd3 Nge7 8. O-O Nf5
9. Bxf5 exf5 10. b3 Be7 11. Be3 O-O 12. Nbd2 Bd7 13. Re1 Nd8 14. Nf1 Ne6 15.
Rb1 cxd4 16. cxd4 Bxa3 17. Ng3 f4 18. Bc1 Bxc1 19. Rxc1 fxg3 20. hxg3 Rac8 21.
Qd2 Qxb3 22. Rb1 Qc4 23. Rxb7 Bc6 24. Rbb1 Rb8 25. Rbc1 Qb5 26. Qc2 Rfc8 27.
Qd2 Qb4 28. Qc2 Nxd4 29. Nxd4 Qxd4 30. Red1 Qxe5 31. Re1 Qf6 32. Qc5 Rb5 33.
Qxb5 h6 34. Qxa5 Ra8 35. Qc5 Ra2 36. Rf1 Bd7 37. Qxd5 Be6 38. Qf3 Qd4 39. Rcd1
Qe5 40. Rd8+ Kh7 41. Rdd1 Qg5 42. Qe3 Qg6 43. Rd2 Ra8 44. f3 Qxg3 45. Qe4+ Qg6
46. Qxa8 Qg5 47. Qe4+ Bf5 48. f4 Qf6 49. Qe3 Qg6 50. Rf3 Qf6 51. Rg3 Qa1+ 52.
Kh2 Qf6 53. Kg1 Qa1+ 54. Kf2 Qf6 55. Qe5 Qxe5 56. fxe5 Be6 57. Ke3 Kg8 58. Rf3
g6 59. Rd8+ Kg7 60. Rf6 Bc4 61. g4 Be6 62. Kf4 Kh7 63. Rd1 Kg7 64. Rh1 Bd5 65.
Kg3 Bxh1 66. Rf1 Bd5 67. Kf2 Be6 68. Kg3 Bd5 69. Rf6 Kh7 70. Kf4 Kg7 71. Kg3
1/2-1/2

[Event "XXIX Torneo San Viator - Memorial Pepe "]
[Site "Colegio San Viator. Plaza Fer"]
[Date "2017.11.01"]
[Round "7.39"]
[White "Garcia Hernandez, Armando"]
[Black "Moreno Payo, Jesus"]
[Result "1-0"]
[WhiteElo "1411"]
[BlackElo "1094"]
[PlyCount "69"]
[EventDate "2017.09.17"]
[EventRounds "9"]
[EventCountry "ESP"]

1. Nf3 d5 2. d4 Nf6 3. g3 Bf5 4. Bg2 e6 5. O-O Be7 6. Nc3 Nbd7 7. Ne5 Nxe5 8.
dxe5 Ne4 9. Nxe4 Bxe4 10. Bxe4 dxe4 11. Qxd8+ Rxd8 12. Be3 b6 13. Rad1 O-O 14.
f3 exf3 15. exf3 Rxd1 16. Rxd1 Rd8 17. Rxd8+ Bxd8 18. b4 a6 19. h4 h5 20. Kg2
f6 21. f4 f5 22. c4 b5 23. cxb5 axb5 24. Bc5 Kf7 25. Kf3 g6 26. Ke3 Be7 27. Kd4
c6 28. Bxe7 Kxe7 29. Kc5 Kd7 30. Kb6 c5 31. Kxc5 Kc7 32. Kxb5 Kb7 33. Kc5 Kc7
34. a4 Kd7 35. Kb6 1-0

[Event "XXIX Torneo San Viator - Memorial Pepe "]
[Site "Colegio San Viator. Plaza Fer"]
[Date "2017.11.01"]
[Round "7.40"]
[White "Benitez Robles, Antonio"]
[Black "Majer Nunez, Chistian"]
[Result "1-0"]
[WhiteElo "1343"]
[BlackElo "1166"]
[PlyCount "109"]
[EventDate "2017.09.17"]
[EventRounds "9"]
[EventCountry "ESP"]

1. c4 e6 2. Nc3 d5 3. cxd5 exd5 4. d4 Nf6 5. Nf3 Bb4 6. Qc2 g6 7. a3 Bf5 8.
Qa4+ Bd7 9. Qxb4 Nc6 10. Qb3 Be6 11. Bg5 Qe7 12. Qxb7 Rb8 13. Qxc6+ Kf8 14.
Bxf6 Qxf6 15. Rb1 Qd8 16. e3 Rb6 17. Qa4 Qb8 18. Qc2 Bf5 19. Bd3 Be6 20. O-O
Bg4 21. Nxd5 Rd6 22. Nxc7 Bxf3 23. gxf3 g5 24. Nb5 Rh6 25. Qc5+ Kg8 26. Qxg5+
Rg6 27. Bxg6 hxg6 28. Qg3 Qxb5 29. Rfc1 Qa6 30. Qf4 Qe6 31. d5 Qh3 32. d6 Kg7
33. Rc7 Rd8 34. Rxf7+ Kg8 35. Rd1 Qh5 36. Re7 g5 37. Qg4 Qg6 38. Qe6+ Qxe6 39.
Rxe6 Kf7 40. Re4 Rd7 41. Kg2 a6 42. Kg3 Kf6 43. Kg4 a5 44. b4 axb4 45. axb4 Kf7
46. Rd5 Kf8 47. Rf5+ Kg8 48. Re8+ Kg7 49. Re7+ Rxe7 50. dxe7 Kh6 51. e8=Q Kg7
52. Qf7+ Kh8 53. Qf8+ Kh7 54. Rf7+ Kg6 55. Qg7# 1-0

[Event "XXIX Torneo San Viator - Memorial Pepe "]
[Site "Colegio San Viator. Plaza Fer"]
[Date "2017.11.01"]
[Round "7.41"]
[White "Perez Ramos, Miguel Angel"]
[Black "Garcia Lozano, Javier"]
[Result "0-1"]
[WhiteElo "1163"]
[BlackElo "1301"]
[PlyCount "64"]
[EventDate "2017.09.17"]
[EventRounds "9"]
[EventCountry "ESP"]

1. e4 e5 2. Nf3 Nc6 3. Bc4 Bc5 4. d3 Nf6 5. Ng5 d5 6. Bb5 dxe4 7. Bxc6+ bxc6 8.
O-O Bg4 9. Qd2 exd3 10. Qxd3 Qxd3 11. cxd3 O-O 12. Ne4 Nxe4 13. dxe4 f5 14. Nc3
f4 15. Bd2 Rad8 16. Be1 f3 17. h3 fxg2 18. Kxg2 Bf3+ 19. Kh2 Rf6 20. Rg1 Rdd6
21. Rc1 Rg6 22. Rg3 Rxg3 23. fxg3 Be3 24. Rc2 g5 25. Ne2 Bxe4 26. Rc4 Bd3 27.
Rc3 e4 28. a4 Bb6 29. Nc1 Ba5 30. Rxd3 exd3 31. Bxa5 d2 32. Bxd2 Rxd2+ 0-1

[Event "XXIX Torneo San Viator - Memorial Pepe "]
[Site "Colegio San Viator. Plaza Fer"]
[Date "2017.11.01"]
[Round "7.42"]
[White "Tudoroiu, Adrian Eugen"]
[Black "Serrano Ruiz, Miguel"]
[Result "0-1"]
[WhiteElo "1101"]
[BlackElo "1237"]
[PlyCount "80"]
[EventDate "2017.09.17"]
[EventRounds "9"]
[EventCountry "ESP"]

1. d4 e5 2. dxe5 Nc6 3. Nf3 Qe7 4. c3 Nxe5 5. e4 d6 6. Be3 Bg4 7. Nbd2 Nxf3+ 8.
gxf3 Bd7 9. h4 Nf6 10. Bd3 d5 11. Qb3 b6 12. exd5 Qd6 13. c4 b5 14. Ne4 Nxe4
15. fxe4 a6 16. Rc1 Rb8 17. c5 Qe5 18. f4 Qe7 19. f5 Bxf5 20. d6 cxd6 21. cxd6
Qe5 22. Rc5 Qg3+ 23. Kd2 Qg2+ 24. Be2 Qxh1 25. Rxf5 Rb7 26. Rxf7 Qxe4 27. Rxb7
Qxb7 28. Qe6+ Be7 29. Bg5 Qd7 30. Qxd7+ Kxd7 31. Bxe7 h6 32. Ke3 g5 33. h5 Rg8
34. Kd4 g4 35. a4 g3 36. axb5 g2 37. bxa6 g1=Q+ 38. Kd3 Rg3+ 39. Kd2 Qd4+ 40.
Ke1 Rg1+ 0-1

[Event "XXIX Torneo San Viator - Memorial Pepe "]
[Site "Colegio San Viator. Plaza Fer"]
[Date "2017.11.01"]
[Round "7.43"]
[White "Alvarez Garcia, Jose Javier"]
[Black "Otero Gumiel, Monica"]
[Result "1-0"]
[WhiteElo "1230"]
[BlackElo "1041"]
[PlyCount "87"]
[EventDate "2017.09.17"]
[EventRounds "9"]
[EventCountry "ESP"]

1. e4 e5 2. Nf3 Nc6 3. Bc4 Bc5 4. c3 d6 5. d3 h6 6. b4 Bb6 7. O-O Nf6 8. a4 a5
9. b5 Ne7 10. Re1 Bg4 11. d4 c6 12. bxc6 bxc6 13. d5 cxd5 14. Bb5+ Bd7 15. Nbd2
O-O 16. Ba3 Bxb5 17. axb5 Rc8 18. Rc1 d4 19. cxd4 exd4 20. Nc4 Bc5 21. Rb1 Bxa3
22. Nxa3 Rc3 23. Qa4 Qd7 24. Nxd4 Ra8 25. Nac2 d5 26. Rbd1 dxe4 27. Ne2 Rd3 28.
Ncd4 Nf5 29. Nxf5 Qxf5 30. Ng3 Qd5 31. h3 Rb3 32. Rxd5 Nxd5 33. Qxb3 Nf6 34.
Nxe4 Nxe4 35. Rxe4 Kh7 36. Re7 a4 37. Qa3 f6 38. b6 Rb8 39. b7 f5 40. Qxa4 h5
41. Qd7 Rxb7 42. Qxb7 Kg6 43. Rxg7+ Kf6 44. Qe7# 1-0

[Event "XXIX Torneo San Viator - Memorial Pepe "]
[Site "Colegio San Viator. Plaza Fer"]
[Date "2017.11.01"]
[Round "7.45"]
[White "Lopez Ochoa, Arsenio"]
[Black "Garcia Pumarega, Cesar"]
[Result "1-0"]
[WhiteElo "1035"]
[BlackElo "1167"]
[PlyCount "79"]
[EventDate "2017.09.17"]
[EventRounds "9"]
[EventCountry "ESP"]

1. e4 e5 2. Nf3 Nc6 3. Bb5 a6 4. Bxc6 dxc6 5. O-O Bg4 6. d3 Qf6 7. Nbd2 h5 8.
h3 Ne7 9. b3 Ng6 10. Qe1 Nf4 11. Nh2 Bd7 12. Ndf3 Qg6 13. Bxf4 Bxh3 14. Bg3 h4
15. gxh3 hxg3 16. fxg3 Rxh3 17. Kg2 Rh8 18. Nxe5 Qh5 19. Nef3 Bd6 20. e5 Bc5
21. c3 g5 22. d4 g4 23. Rf2 Qh3+ 24. Kh1 gxf3 25. dxc5 O-O-O 26. Qg1 Rd3 27. c4
Rg8 28. Rc1 Rxg3 29. Qf1 Qh6 30. Rcc2 Kd7 31. Qxd3+ Ke6 32. Rxf3 Rg8 33. Qf5+
Ke7 34. Qxf7+ Kd8 35. Rd3+ Qd6 36. Qxg8+ Ke7 37. exd6+ cxd6 38. Re2+ Kd7 39.
Qf7+ Kc8 40. Re8# 1-0

[Event "XXIX Torneo San Viator - Memorial Pepe "]
[Site "Colegio San Viator. Plaza Fer"]
[Date "2017.11.01"]
[Round "7.46"]
[White "Amador Andujar, Gabriel"]
[Black "Lopez Herrero, Israel"]
[Result "0-1"]
[WhiteElo "1090"]
[BlackElo "1286"]
[PlyCount "54"]
[EventDate "2017.09.17"]
[EventRounds "9"]
[EventCountry "ESP"]

1. e4 e5 2. Nf3 Nc6 3. Bc4 Bc5 4. Nc3 Nf6 5. d3 d6 6. Bg5 Bg4 7. Nd5 Nd4 8. c3
Nxf3+ 9. gxf3 Be6 10. Qd2 Bxd5 11. Bxd5 c6 12. Bc4 d5 13. Bb3 Qd6 14. d4 exd4
15. cxd4 Bb4 16. e5 Bxd2+ 17. Kxd2 Qb4+ 18. Kc2 h6 19. exf6 hxg5 20. fxg7 Rg8
21. Rae1+ Kd7 22. Re3 Qxd4 23. Kb1 Rae8 24. Rxe8 Rxe8 25. Rg1 Qd2 26. a3 Re2
27. g8=Q Qxb2# 0-1

[Event "XXIX Torneo San Viator - Memorial Pepe "]
[Site "Colegio San Viator. Plaza Fer"]
[Date "2017.11.05"]
[Round "8.1"]
[White "Navarro Gonzalez, Jaime"]
[Black "Merino Araguas, Jose Javier"]
[Result "1/2-1/2"]
[WhiteElo "1748"]
[BlackElo "1680"]
[PlyCount "149"]
[EventDate "2017.09.17"]
[EventRounds "9"]
[EventCountry "ESP"]

1. e4 e6 2. d4 d5 3. exd5 exd5 4. c4 Nf6 5. Nc3 Bb4 6. Nf3 Bg4 7. Bd3 O-O 8.
Be3 dxc4 9. Bxc4 Nc6 10. O-O a6 11. a3 Ba5 12. Re1 Qd7 13. Be2 Rad8 14. Qb3 Bb6
15. Ne5 Nxe5 16. dxe5 Bxe3 17. exf6 Bb6 18. fxg7 Kxg7 19. Bxg4 Qxg4 20. Nd5
Bxf2+ 21. Kxf2 Qf5+ 22. Kg1 Rxd5 23. Qg3+ Qg6 24. Qxc7 Rfd8 25. Qxb7 Rd2 26.
Re3 R8d7 27. Qf3 Rxb2 28. Rae1 Rdd2 29. R3e2 Rxe2 30. Rxe2 Qb6+ 31. Qe3 Rb1+
32. Kf2 Qf6+ 33. Qf3 Qd4+ 34. Kg3 Rb6 35. h3 Qd6+ 36. Kf2 Qd4+ 37. Qe3 Rf6+ 38.
Kg1 Qd1+ 39. Re1 Qd6 40. Qg5+ Rg6 41. Qe5+ Qxe5 42. Rxe5 Rg3 43. Ra5 Rg6 44.
Kf2 Re6 45. g4 h6 46. Kf3 Kg6 47. Kf4 Kf6 48. h4 Kg6 49. Re5 Rc6 50. a4 Rc4+
51. Re4 Rc6 52. Ke5 Rb6 53. Rd4 Re6+ 54. Kd5 Re1 55. Kc6 Rb1 56. Kc5 Re1 57.
Kb6 Re6+ 58. Ka5 f5 59. gxf5+ Kxf5 60. Rb4 h5 61. Rb6 Re4 62. Rxa6 Rxh4 63. Rb6
Rh1 64. Rb5+ Kg4 65. Kb6 Ra1 66. a5 h4 67. a6 h3 68. Rb4+ Kg3 69. Rb3+ Kg2 70.
a7 h2 71. Rb2+ Kg1 72. Rxh2 Kxh2 73. Kb7 Kg3 74. a8=R Rxa8 75. Kxa8 1/2-1/2

[Event "XXIX Torneo San Viator - Memorial Pepe "]
[Site "Colegio San Viator. Plaza Fer"]
[Date "2017.11.05"]
[Round "8.2"]
[White "San Felipe Gonzalez, Tomas"]
[Black "Castro Uceda, Jose Antonio"]
[Result "0-1"]
[WhiteElo "1689"]
[BlackElo "1636"]
[PlyCount "110"]
[EventDate "2017.09.17"]
[EventRounds "9"]
[EventCountry "ESP"]

1. Nf3 Nf6 2. g3 g6 3. b3 Bg7 4. Bb2 O-O 5. Bg2 d6 6. d3 c6 7. O-O Nd5 8. Bxg7
Kxg7 9. c4 Nf6 10. Qd2 e5 11. Qc3 Re8 12. Nbd2 Bf5 13. Rfd1 Qe7 14. Nh4 Qe6 15.
Nxf5+ Qxf5 16. Qb4 Qd7 17. Nf3 Na6 18. Qc3 Qe6 19. a3 d5 20. Ng5 Qf5 21. h4 Qd7
22. d4 e4 23. e3 h6 24. Nh3 Qf5 25. Qb2 g5 26. hxg5 hxg5 27. Qe2 Rh8 28. Qf1
Rh7 29. cxd5 Nxd5 30. Bxe4 Qxe4 31. f3 Qxe3+ 32. Kg2 Rah8 33. Rd3 Qe6 34. Nxg5
Rh2+ 35. Kg1 Rh1+ 36. Kf2 Rxf1+ 37. Rxf1 Rh2+ 38. Kg1 Qh6 39. f4 Rh1+ 40. Kf2
Qh2+ 41. Ke1 Rxf1+ 42. Kxf1 Qc2 43. Rf3 Nc3 44. Rf2 Qxb3 45. Rh2 Qd1+ 46. Kg2
Qxd4 47. Rh7+ Kg6 48. Rxf7 Qd5+ 49. Kh3 Qxf7 50. Nxf7 Kxf7 51. g4 c5 52. g5 Kg6
53. Kg4 Ne4 54. f5+ Kg7 55. Kf4 Nxg5 0-1

[Event "XXIX Torneo San Viator - Memorial Pepe "]
[Site "Colegio San Viator. Plaza Fer"]
[Date "2017.11.05"]
[Round "8.3"]
[White "Villanueva Ortega, Ruben"]
[Black "Rojo Jorge, Luis"]
[Result "1/2-1/2"]
[WhiteElo "1744"]
[BlackElo "1525"]
[PlyCount "115"]
[EventDate "2017.09.17"]
[EventRounds "9"]
[EventCountry "ESP"]

1. d4 Nf6 2. Nf3 g6 3. c4 d5 4. Nc3 Bg7 5. Bg5 dxc4 6. e4 O-O 7. e5 Nd5 8. Bxc4
Be6 9. Qb3 Nxc3 10. bxc3 Bxc4 11. Qxc4 Nc6 12. O-O h6 13. Bh4 Qd7 14. Rad1 e6
15. Rfe1 Rfe8 16. h3 Qd5 17. Qxd5 exd5 18. Rb1 b6 19. Rb5 g5 20. Bg3 Rad8 21.
c4 dxc4 22. e6 fxe6 23. Bxc7 Rd7 24. Be5 Nxd4 25. Bxd4 Bxd4 26. Re4 Bc5 27.
Rxc4 Rd5 28. Rb2 b5 29. Re4 a5 30. h4 Kg7 31. hxg5 hxg5 32. Kf1 b4 33. Rc2 Kf6
34. Rec4 Bd6 35. Nd2 Be5 36. g3 Red8 37. Ne4+ Kf5 38. Nxg5 Kxg5 39. f4+ Bxf4
40. Rxf4 Rd4 41. Rf7 Rd3 42. Rg7+ Kf6 43. Rcc7 Rf8 44. Ra7 Ra3 45. Rgb7 Ke5+
46. Ke1 Rff3 47. Rb5+ Kf6 48. Raxa5 Rxa5 49. Rxa5 Rxg3 50. Rb5 Rg4 51. Kf2 e5
52. Kf3 Kf5 53. Ra5 Rc4 54. Ke3 Rc3+ 55. Kd2 Ke4 56. Ra4 Rc4 57. a3 Kd4 58.
Rxb4 1/2-1/2

[Event "XXIX Torneo San Viator - Memorial Pepe "]
[Site "Colegio San Viator. Plaza Fer"]
[Date "2017.11.05"]
[Round "8.4"]
[White "Gomez Logrosan, Cristian"]
[Black "Perez Sempere, Alberto"]
[Result "1-0"]
[WhiteElo "1638"]
[BlackElo "1731"]
[PlyCount "63"]
[EventDate "2017.09.17"]
[EventRounds "9"]
[EventCountry "ESP"]

1. Nf3 Nf6 2. g3 d5 3. Bg2 c6 4. O-O Nbd7 5. d3 e6 6. Nbd2 Bd6 7. e4 Qc7 8. b3
O-O 9. Bb2 dxe4 10. dxe4 e5 11. Nc4 Nxe4 12. Nh4 b5 13. Nxd6 Nxd6 14. Ba3 Nb7
15. Bxf8 Nxf8 16. Qe2 Be6 17. Rad1 Nd7 18. Nf3 f6 19. Nd4 Bc4 20. bxc4 exd4 21.
Qe6+ Kh8 22. Qxc6 Qxc6 23. Bxc6 Ndc5 24. Bxb7 Nxb7 25. cxb5 Rd8 26. Rfe1 h6 27.
Re4 Rc8 28. Rd2 Nd6 29. Rexd4 Nxb5 30. Rd8+ Rxd8 31. Rxd8+ Kh7 32. c4 1-0

[Event "XXIX Torneo San Viator - Memorial Pepe "]
[Site "Colegio San Viator. Plaza Fer"]
[Date "2017.11.05"]
[Round "8.5"]
[White "Arias Cusio, Oscar"]
[Black "Periotto Miori, Lautaro"]
[Result "0-1"]
[WhiteElo "1655"]
[BlackElo "1492"]
[PlyCount "106"]
[EventDate "2017.09.17"]
[EventRounds "9"]
[EventCountry "ESP"]

1. e4 c5 2. Bc4 d6 3. Nf3 Nc6 4. O-O Nf6 5. d3 e6 6. Re1 Be7 7. Nbd2 O-O 8. Nf1
d5 9. exd5 exd5 10. Bb5 Nb8 11. a3 a6 12. Ba4 b5 13. Bb3 Qc7 14. c4 dxc4 15.
dxc4 Nc6 16. Be3 Na5 17. cxb5 Rd8 18. Qc2 axb5 19. Ba2 Nd5 20. Bg5 f6 21. Bd2
Nc6 22. Qe4 c4 23. Nh4 Qe5 24. Bb1 g6 25. Qf3 Nd4 26. Qd1 Qd6 27. Bh6 Nb3 28.
Be4 Bb7 29. Rb1 f5 30. Bxd5+ Bxd5 31. Nf3 Be4 32. Qe2 g5 33. Bxg5 Bxg5 34. Nxg5
Bxb1 35. Rxb1 Nd4 36. Qe3 Re8 37. Qh3 Qg6 38. Nf3 Ne2+ 39. Kh1 Nf4 40. Qg3 Nd3
41. Nh4 Qxg3 42. fxg3 f4 43. gxf4 Nxf4 44. Nd2 Re2 45. Ndf3 Nd3 46. Nd4 Re5 47.
Nhf3 Rd5 48. h3 Re8 49. Kh2 Re4 50. Nc2 Re2 51. Nfd4 Rd2 52. b4 Nf4 53. Rg1
R2xd4 0-1